000 00765nam a2200181Ia 4500
008 100920s9999 xx 000 0 und d
082 _b37667
_a200 0
100 _aअनु. पुरंदरे गणेश निळकंठ.
245 _aभारताच्या आध्यात्मिक रहस्याच्या शोधात.
260 _b---
_c0
300 _a429
_bसाधी
365 _b15
520 _aधार्मिक.
630 _aभारताच्या आध्यात्मिक रहस्याच्या शोधात.
650 _aधार्मिक.
730 _aभारताच्या आध्यात्मिक रहस्याच्या शोधात.
942 _cBOOK
999 _c690102
_d690099